02731nam a2200241 a 4500003000900000005001700009007000300026008004100029040002500070082003500095110007000130245009600200260003400296300002100330505008500351505125300436505058601689650004802275650005102323650003802374650004602412650003102458DO-SdBNP20250219114256.0ta220913e200? dr |||gr|||| 001 e spa d aDO-SdBNPbspacBNPHU 4222a346.72930135 bR426c, 19942 aCentros APEC de Educación a Distancia (República Dominicana)10aCódigo para la protección del niño, niña y adolescente y normativa internacional. / aSanto Domigo :bUNICEF,c1994 a286 p. ;c26 cm. aPresentación.gCódigo para la protección del niño, niña y adolescente. aLibro PrimerotTítulo I. Principios Generales.--tTítulo II. De los Derechos Fundamentales.--tTítulo III. De la Prevención.--gLibro Segundo.tTítulo I. Disposiciones Generales.--tTítulo II. De los Alimentos.-- tTítulo III. De los niños, niñas y adolescentes amenazados en su Patrimonio por quienes lo administran.--tTítulo IV. De los niños, niñas y adolescentes que presentan discapacidades físicas, sensoriales o mentales.--tTítulo V. De los niños, niñas y adolescentes adictos a sustancias que producen dependencia.gLibro Tercero.tTítulo I. De la Política de Atención.--tTítulo II. De las Medidas de Protección.--tTítulo III. Del Acceso al al Justicia.-- tTítulo VI. De la creación de una Jurisdicción Especializada de niños, niñas y adolescentes.-- tTítulo V. Del Procedimiento. gLibro CuartotTítulo I. Del Organismo Rector.--tTítulo II. De los Crímenes y de las Infracciones.--gReglas de las Naciones Unidas para la PROTECCIÓN DE LOS MENORES PRIVADOS DE LIBERTAD.--tResolución 15/113 de la Asamblea General.--tAnexo: Reglas de la Asamblea General.--gDIRECTRICES DE RIAD. (Directrices de las Naciones Unidas para la prevención de la Delincuencia Juvenil.)  aConvención Sobre los Derechos del Niño. Aprobada por la Asamblea General de las Naciones Unidas el 30 de noviembre de 1989.gIntroducción. Resolución 40/33 de la Asamblea General. Reglas de Beijing.tPrimera Parte. Principios Generales.--tSegunda Parte. Investigación y Procedimiento.--tTercera Parte. De la Sentencia y resolución.--tCuarta Parte. Tratamiento fura de los establecimientos penitenciarios.--tQuita Parte. Tratamiento en establecimientos penitenciarios.--tSexta Parte. Investigación. Planificación, formulación y evaluación de políticas.-- aDerechos del niñozRepública Dominicana aMenoresxLegislaciónzRepública Dominicana aDerecho de familiaxLegislación aTrabajo social con niñosxLegislación aNiñosxSituación legal